000 00973nam0a22002291i 4500
001 rc\3655680
005 20240726000313.0
021 _aRU
_b[69-22833]
035 _a(NLR Aleph) 007736876
090 _a7115860
_c7115860
100 _a20130115d1969 |||y0rusy50 ca
101 0 _arus
102 _aRU
105 _ay d |||||
200 1 _aПовышение производственной активности рабочего класса в период строительства коммунизма
_e(На примерах пром. предприятий Латв. ССР)
_eАвтореферат дис. на соискание учен. степени канд. филос. наук
_e(620)
_fМоск. ин-т нар. хоз-ва им. Г.В. Плеханова
210 _aМосква
_d1969
215 _a19 с.
700 1 _aКрасавцева
_bН.П.
801 0 _aRU
_bNLR
_gpsbo
801 1 _aRU
_bELAR
_2rusmarc
852 _aNLR
_j69-4/13465
942 _cBOOK